Normal view
MARC view
- تراجم -- الفنانون -- تراجم -- الأدباء -- تراجم -- السياسيون -- تراجم
Entry Topical Term
001 - CONTROL NUMBER
- control field: 13129
003 - CONTROL NUMBER IDENTIFIER
- control field: JO-AjAnu
005 - DATE AND TIME OF LATEST TRANSACTION
- control field: 20230606072412.0
008 - FIXED-LENGTH DATA ELEMENTS
- fixed length control field: 230606|| aca||aabn | a|a d
040 ## - CATALOGING SOURCE
- Original cataloging agency: JO-AjAnu
- Transcribing agency: JO-AjAnu
150 ## - HEADING--TOPICAL TERM
- Topical term or geographic name entry element: تراجم -- الفنانون -- تراجم -- الأدباء -- تراجم -- السياسيون -- تراجم
670 ## - SOURCE DATA FOUND
- Source citation: Work cat.: (JO-AjAnu)6754: إعداد مجموعة من المؤلفين, author 13128, موسوعة مشاهير العالم: مشاهير القادة العسكريين والسياسيين